000 01135cab a2200193 4500
001 ##L132990
008 060331n2006 000 0 eng u
035 _a(Sirsi) u132990
041 0 _aeng
110 1 _aGreat Britain
_bHealth and Safety Executive
245 0 0 _aBuying for life in public sector construction
_bbe the best, says health and safety minister
260 _c2006
490 0 _aHSE Press Release
_vE038-06 28 March 2006
520 _aThe government is urging public sector clients to adopt best practice in construction procurement to help raise health and safety standards for workers involved in such projects. By buying for life, it is hoped to reduce incidents of injury and ill-health during the building, maintenance and refurbishment of community facilities. On average 17 workers are killed each year on essential projects procured by the public sector.
590 _aIKA110406
690 _aMANAGEMENT-HEALTH AND SAFETY-HEALTH AND SAFETY RISK MANAGEMENT-HEALTH AND SAFETY RISK PLANNING
856 4 1 _uhttps://www.hse.gov.uk/press/2006/e06038.htm
_zView the item free of charge at www.hse.gov.uk
942 _n0
999 _c76737
_d76737